000 00284nam a22000977a 4500
082 _a823
_bBLY/S
100 _aBLYTON, ENID
245 _aTHE SECRET SEVEN :GOOD WORK,SECRET SEVEN
246 _aTHE SECRET SEVEN :GOOD WORK,SECRET SEVEN
_bTHE SECRET SEVEN :GOOD WORK,SECRET SEVEN
942 _cBK
999 _c8472
_d8472